| 000 | 02087nam1a2200337 i 4500 | ||
|---|---|---|---|
| 001 | RU\NLR\bibl\1284835 | ||
| 005 | 20260405143139.0 | ||
| 035 | _a(NLR Aleph) 001270567 | ||
| 090 |
_a436402 _c436402 |
||
| 100 | _a20081016g20089999u a0rusy50 ca | ||
| 101 | 0 | _arus | |
| 102 | _aRU | ||
| 105 | _a||||z ||||| | ||
| 200 | 1 |
_aДиагностика урологических заболеваний в целях военно-врачебной экспертизы _eучебно-методическое пособие _fМВД России, Департамент тыла МВД России, Гос. образоват. учреждение доп. проф. образования "Всерос. ин-т повышения квалификации сотрудников МВД России" _g[А.П. Дудник и др.] _gпод общ. ред. к.м.н. Д.В. Морозова |
|
| 210 |
_aДомодедово _cВИПК МВД России _d2008 |
||
| 215 | _d21 | ||
| 463 | 0 | _10011247704 | |
| 463 | 0 | _10011247474 | |
| 606 | 1 |
_aМочеполовые органы _jУчебно-методические пособия _xБолезни _xДиагностика _91301166 _3RU\NLR\auth\66538885 |
|
| 606 | 1 |
_aВоенно-врачебная экспертиза _jУчебно-методические пособия _yРоссийская Федерация _92074096 _3RU\NLR\auth\661249066 |
|
| 686 | _aР696-4я73 | ||
| 686 | _aЦ7,6(2Р)622.2я7 | ||
| 702 | 1 |
_aДудник _bА. П. _gАндрей Павлович _4220 |
|
| 702 | 1 |
_4340 _7ca _8rus _aМорозов _bД. В. _cканд. мед. наук, урология _gДмитрий Владимирович _941834 _3RU\NLR\auth\7758902 |
|
| 712 | 0 | 2 |
_4475 _aВсероссийский институт повышения квалификации сотрудников МВД России _cДомодедово _9827570 _3RU\NLR\AUTH\880580958 |
| 801 | 0 |
_aRU _bNLR _c20081016 _gRCR |
|
| 801 | 1 |
_aRU _bNLR _c20081016 |
|
| 852 |
_aNLR _j2008-3/19346 |
||
| 942 | _cBOOK | ||